Language Quiz

Random Language or Animal Quiz
Score 0/24 Timer 06:00
0 Plays Today
% Correct
sloth
86.7%
panda
86.3%
chimpanzee
85.8%
dog
84.7%
zebra
84.5%
jaguar
82.8%
koala
82.8%
aardvark
82.6%
newt
82.2%
yak
80.5%
llama
79.7%
gazelle
76.6%
% Correct
rabbit
69.8%
ibex
65.8%
tapir
62%
wombat
60.3%
okapi
59.5%
hamster
57%
quagga
54.9%
ermine
54.7%
ferret
46.8%
mongoose
42.1%
gerbil
36.9%
badger
30.6%

You're not logged in!

Compare scores with friends on all Sporcle quizzes.
OR
Log In

Sporcle TV

Today on Sporcle TV


Watch our educational content, quiz creation guides, and fun videos on Sporcle TV.

Show Comments

Extras

Top Quizzes Today


Score Distribution

Your Account Isn't Verified!

In order to create a playlist on Sporcle, you need to verify the email address you used during registration. Go to your Sporcle Settings to finish the process.

Report this User

Report this user for behavior that violates our Community Guidelines.

Details: